000
00324nam a2200133Ia 4500
008
151213s9999 xx 000 0 und d
100
_a
Barron, M.
245
_a
Ready, set, explore
_c
Barron, M.
260
_a
New York
_b
John Willey
_c
1996
300
_a
1821 p.
650
_a
Reference
700
_a
Barron, M.
999
_c
1340
_d
1340